000
00340 a2200157 4500
001
59644
020
_a
9783785556993
040
_c
Anchieta - Pituba
100
_a
Abedi, Isabel
240
1
0
_a
Verbotene welt
_l
por
245
1
0
_a
Verbotene welt
300
_a
462
362
0
_a
2006
650
4
_a
Literatura juvenil em alemão
942
_c
BK
999
_c
59644
_d
59644